L'elaboration du monde moderne
保存先:
| 第一著者: | |
|---|---|
| フォーマット: | 図書 |
| 言語: | フランス語 |
| 出版事項: |
París
Presses Universitaires de France
1949
|
| 版: | 3a. ed |
| シリーズ: | Clio. Introduction aux Etudes Historiques, 5
|
| 主題: | |
| タグ: |
タグ追加
タグなし, このレコードへの初めてのタグを付けませんか!
|
MARC
| LEADER | 00000nam a2200000 a 4500 | ||
|---|---|---|---|
| 001 | UCP9976 | ||
| 003 | CL-VaPUC | ||
| 008 | 000407e19490000FR |||||||||||||||||fre|d | ||
| 082 | 0 | 4 | |a 940.2 |b CAL |2 21 |
| 100 | 0 | |a Calmette, Joseph |e author |9 440980 | |
| 245 | 1 | 2 | |a L'elaboration du monde moderne |
| 250 | |a 3a. ed | ||
| 300 | |a 616 p | ||
| 942 | |c BK | ||
| 945 | |d 20000407 00:00:00 |a rherrera | ||
| 260 | |a París |b Presses Universitaires de France |c 1949 | ||
| 650 | 0 | |a Historia de Europa |9 392003 | |
| 650 | 0 | |a Historia moderna |9 268036 | |
| 650 | 7 | |a ORIGENES |2 CL-VaPUC |9 367418 | |
| 650 | 0 | |a Civilización oriental |9 317470 | |
| 650 | 7 | |a CIVILIZACION OCCIDENTAL |2 CL-VaPUC |9 315932 | |
| 650 | 0 | |a Civilización islámica |9 314083 | |
| 651 | 0 | |a Europa |9 255156 | |
| 651 | 0 | |a Francia |9 255157 | |
| 651 | 0 | |a Inglaterra |9 255158 | |
| 651 | 0 | |a Italia |9 254949 | |
| 583 | |a last modification |c 20000407 00:00:00 |k Rodrigo Vera | ||
| 490 | 0 | |a Clio. Introduction aux Etudes Historiques, 5 | |
| 999 | |c 286756 |d 286754 | ||
| 952 | |0 0 |1 0 |4 0 |6 940_200000000000000_CAL_1949 |7 0 |8 X |9 332875 |a BIBHIS |b BIBHIS |d 2019-11-20 |i 126382K |o 940.2 CAL 1949 |p 126382K |r 2024-01-30 |w 2019-11-20 |y BK_X |k HIS | ||
| 952 | |0 0 |1 0 |4 0 |6 940_200000000000000_CAL_1949 |7 0 |8 X |9 332876 |a BIBHIS |b BIBHIS |d 2019-11-20 |i 1263838 |o 940.2 CAL 1949 |p 1263838 |r 2024-01-30 |w 2019-11-20 |y BK_X |k HIS | ||